[Event "Bodo CC-ch"]
[Site "Bodo"]
[Date "2019.02.05"]
[Round "2"]
[White "Olsen, Bjorn Lovheim"]
[Black "Nilsen, Leif Inge"]
[Result "0-1"]
[WhiteElo "1400"]
[BlackElo "1533"]
[PlyCount "90"]
[EventDate "2019.01.29"]
[EventType "swiss"]
[EventRounds "8"]
[EventCountry "NOR"]
[SourceTitle "EXT 2024"]
[Source "ChessBase"]
[SourceDate "2023.10.10"]
[SourceVersion "1"]
[SourceVersionDate "2023.10.10"]
[SourceQuality "1"]

1. d4 d5 2. c4 e6 3. Nf3 Bd7 4. e3 dxc4 5. Bxc4 Nc6 6. 0-0 Nf6 7. Nc3 a6 8. a3 Be7 9. Qc2 0-0 10. b4 Bd6 11. e4 e5 12. Be3 exd4 13. Nxd4 Ne5 14. Be2 Nfg4 15. Bf4 c6 16. h3 Nf6 17. Bg3 Qc7 18. f4 Ng6 19. e5 Nd5 20. exd6 Qxd6 21. Rf3 Ndxf4 22. Bxf4 Nxf4 23. Rd1 Ng6 24. Nf5 Qc7 25. Nd5 Qe5 26. Nb6 Bxf5 27. Rxf5 Qe3+ 28. Kh1 Qxb6 29. Rd7 Rae8 30. Qc4 Ne5 31. Rfxf7 Nxf7 32. Rxf7 Rxf7 33. Qg4 Rxe2 34. Qxe2 Qf2 35. Qe8+ Rf8 36. Qe6+ Kh8 37. Qe7 Qf7 38. Qe5 Qe8 39. Qd6 Qb8 40. Qd3 Qe5 41. Kg1 Re8 42. Kh1 Qd5 43. Qg3 Qd1+ 44. Kh2 Qe2 45. Kh1 Qe1+ 0-1

[Event "Bodo CC-ch"]
[Site "Bodo"]
[Date "2018.??.??"]
[Round "5"]
[White "Nilsen, Leif Inge"]
[Black "Olsen, Bjorn Lovheim"]
[Result "0-1"]
[WhiteElo "1529"]
[BlackElo "1390"]
[PlyCount "94"]
[EventDate "2018.01.30"]
[EventType "swiss (rapid)"]
[EventRounds "9"]
[EventCountry "NOR"]
[SourceTitle "EXT 2024"]
[Source "ChessBase"]
[SourceDate "2023.10.10"]
[SourceVersion "1"]
[SourceVersionDate "2023.10.10"]
[SourceQuality "1"]

1. e4 c5 2. Nf3 Nc6 3. Nc3 g6 4. d4 cxd4 5. Nxd4 Bg7 6. Be3 Nf6 7. Nxc6 bxc6 8. Bd3 0-0 9. 0-0 d6 10. f3 h6 11. Qd2 g5 12. h3 e5 13. Rad1 d5 14. Bf2 d4 15. Ne2 Be6 16. g4 Nh7 17. Ng3 Re8 18. Nh5 Nf8 19. Kg2 Ng6 20. Nxg7 Kxg7 21. Bg3 Nf4+ 22. Bxf4 gxf4 23. Qf2 Rh8 24. h4 f6 25. h5 Rg8 26. Qd2 c5 27. b3 a5 28. Qe2 Re8 29. Bc4 Qb6 30. Bxe6 Rxe6 31. Qc4 Rd6 32. a4 Rb8 33. Rf2 Qc6 34. Rfd2 Rb4 35. Qe2 c4 36. Rb1 cxb3 37. cxb3 Rd7 38. Qd3 Rc7 39. Kf2 Qb6 40. Ke1 Rc3 41. Qf1 Rxa4 42. Rd3 Rb4 43. Rxc3 dxc3 44. Qe2 Qe3 45. Qxe3 fxe3 46. Kd1 a4 47. Kc2 Rxb3 0-1